Early works: Lawd Today!; Uncle Tom`s Children; Native Son

Guardado en:
Bibliografiske detaljer
Hovedforfatter: Wright, Richard
Format: Bog
Sprog:Undetermined
Udgivet: New York, Estados Unidos The Library of America 1991
Fag:
Tags: Tilføj Tag
Ingen Tags, Vær først til at tagge denne postø!

MARC

LEADER 00000nam a2200000Ia 4500
008 170316s9999 xx 000 0 und d
040 |a cru BVZT 
090 |a E-810 W-1La 
100 |a Wright, Richard 
245 |a Early works: Lawd Today!; Uncle Tom`s Children; Native Son 
260 |a New York, Estados Unidos 
260 |b The Library of America 
260 |c 1991 
300 |a 936 páginas 
650 |a LITERATURA ESTADOUNIDENSE - COLECCIÓN ESPECIAL 
650 |a NOVELA 
999 |c 13306  |d 13306 
942 |c 15 D  |h E-810 W-1La  |2 z